书目信息 |
| 题名: |
MATLAB基础及应用
|
|
| 作者: | 张学敏 主编 ;吕晓丽 , 姜航 编写 | |
| 分册: | ||
| 出版信息: | 北京 中国电力出版社 2012 |
|
| 页数: | 307页 | |
| 开本: | 26cm | |
| 丛书名: | ||
| 单 册: | ||
| 中图分类: | TP312MA , TP312 | |
| 科图分类: | ||
| 主题词: | Matlab软件--教材--高等学校 , Matlab软件 | |
| 电子资源: | ||
| ISBN: | 978-7-5123-2504-3 | |
| 000 | 01107nam0 2200301 450 | |
| 001 | 356 | |
| 005 | 20160905155507.23 | |
| 010 | @a978-7-5123-2504-3@dCNY36.00 | |
| 100 | @a20120322d2012 em y0chiy50 ea | |
| 101 | 0 | @achi |
| 102 | @aCN@b110000 | |
| 105 | @aa z 000yy | |
| 200 | 1 | @aMATLAB基础及应用@9MATLAB ji chu ji ying yong@f张学敏主编@g吕晓丽,姜航编写 |
| 205 | @a2版 | |
| 210 | @a北京@c中国电力出版社@d2012 | |
| 215 | @a307页@c图@d26cm@e1光盘 | |
| 300 | @a普通高等教育“十二五”规划教材 | |
| 307 | @a附光盘:ISBN 978-7-89470-267-8 | |
| 330 | @a本书以全新的编排方式,介绍了MATLAB 7的数值计算功能、符号运算功能、数据可视化、图形处理、程序设计、句柄图形和图形用户界面等内容,同时给出了MATLAB在电路、信号与系统、数字信号处理、图像处理、自控原理及电力系统仿真方面的应用实例。 | |
| 606 | 0 | @aMatlab软件@j教材@x高等学校 |
| 606 | 0 | @aMatlab软件 |
| 690 | @aTP312MA@v5 | |
| 690 | @aTP312@v4 | |
| 701 | 0 | @a张学敏@9zhang xue min@4主编 |
| 702 | 0 | @a吕晓丽@9lü xiao li@4编写 |
| 702 | 0 | @a姜航@9jiang hang@4编写 |
| 801 | 0 | @aCN@b唐山师范学院图书馆@c20160721 |
| 905 | @aZUCC@dTP312@e930=2 | |
| MATLAB基础及应用/张学敏主编/吕晓丽,姜航编写.-2版.-北京:中国电力出版社,2012 |
| 307页:图;26cm+1光盘 |
| 普通高等教育“十二五”规划教材 |
| ISBN 978-7-5123-2504-3:CNY36.00 |
| 本书以全新的编排方式,介绍了MATLAB 7的数值计算功能、符号运算功能、数据可视化、图形处理、程序设计、句柄图形和图形用户界面等内容,同时给出了MATLAB在电路、信号与系统、数字信号处理、图像处理、自控原理及电力系统仿真方面的应用实例。 |
| ● |
| 相关链接 |
|
|
|
|
正题名:MATLAB基础及应用
索取号:TP312/930=2
 
预约/预借
| 序号 | 登录号 | 条形码 | 馆藏地/架位号 | 状态 | 备注 |
| 1 | 901507 | 209015073 | 第二样本阅览室/ [索取号:TP312/930=2] | 在馆 | |
| 2 | 901508 | 209015082 | 第三借阅区/ [索取号:TP312/930=2] | 在馆 | |
| 3 | 901509 | 209015091 | 第三借阅区/ [索取号:TP312/930=2] | 在馆 | |
| 4 | 901510 | 209015108 | 计算机科学系资料室/ [索取号:TP312/930=2] | 在馆 | |
| 5 | 901511 | 209015117 | 第三借阅区/ [索取号:TP312/930=2] | 在馆 |